[Event "IV Weekend Scacchi tra le Torri A"]
[Site "Melegnano ITA"]
[Date "2005.02.26"]
[Round "3"]
[White "Giretti Kanev, Jasen"]
[Black "Gagliardi, Christian"]
[Result "1-0"]
[WhiteElo "2173"]
[BlackElo "2091"]
[PlyCount "43"]
[EventDate "2005.02.25"]

1. d4 Nf6 2. Nf3 g6 3. Bf4 Bg7 4. e3 O-O 5. Nbd2 d6 6. c3 b6 7. Bc4 Bb7 8. Qc2
c5 9. h4 d5 10. Bd3 Nc6 11. h5 Nxh5 12. Rxh5 gxh5 13. Bxh7+ Kh8 14. O-O-O e5
15. dxe5 Re8 16. Ng5 Qe7 17. Qf5 f6 18. exf6 Bxf6 19. Qg6 Rf8 20. Rh1 Nd8 21.
Qxh5 Qg7 22. Ne6 1-0

[Event "IV Weekend Scacchi tra le Torri A"]
[Site "Melegnano ITA"]
[Date "2005.02.26"]
[Round "3"]
[White "Jara, Erik"]
[Black "Vicari, Luigi"]
[Result "1-0"]
[WhiteElo "2136"]
[BlackElo "2073"]
[PlyCount "87"]
[EventDate "2005.02.25"]

1. c4 Nf6 2. Nc3 g6 3. Nf3 Bg7 4. g3 O-O 5. Bg2 c6 6. e4 d5 7. cxd5 cxd5 8. e5
Ne4 9. Qb3 Nc6 10. d4 Nxc3 11. bxc3 Na5 12. Qb4 Nc4 13. Nd2 a5 14. Qb5 Nxd2 15.
Bxd2 e6 16. Rb1 Rb8 17. Qb6 Bd7 18. O-O Bc6 19. Rb2 a4 20. Rfb1 Ra8 21. Bf1 Qe7
22. Bb5 Rfc8 23. Bd3 Bf8 24. h4 h6 25. Kg2 Kg7 26. Rh1 Qa3 27. h5 g5 28. f4
gxf4 29. gxf4 Be7 30. Rc2 Rg8 31. Bc1 Bd8 32. Qxd8 Qc5 33. Qf6+ Kf8+ 34. Kf3
Qa5 35. f5 Qd8 36. Qxh6+ Ke8 37. fxe6 Qe7 38. Qh7 Rf8 39. Bh6 fxe6+ 40. Bxf8
Qxf8+ 41. Ke3 Kd8 42. Rf1 Qe7 43. Qxe7+ Kxe7 44. h6 1-0

[Event "IV Weekend Scacchi tra le Torri A"]
[Site "Melegnano ITA"]
[Date "2005.02.26"]
[Round "3"]
[White "Nieus, Thierry"]
[Black "Mrdja, Milan"]
[Result "0-1"]
[WhiteElo "2209"]
[BlackElo "2395"]
[PlyCount "62"]
[EventDate "2005.02.25"]

1. e4 g6 2. d4 Bg7 3. Nf3 d6 4. Nc3 a6 5. a4 b6 6. Bc4 e6 7. O-O Nd7 8. Bg5 Ne7
9. Qd2 h6 10. Bh4 Bb7 11. Rfe1 O-O 12. Qe3 Kh7 13. Rad1 Qe8 14. Bg3 Nf6 15. Qe2
Nh5 16. e5 Nxg3 17. hxg3 d5 18. Bd3 c5 19. dxc5 bxc5 20. b3 Nc6 21. Qd2 Qb8 22.
Qf4 Kg8 23. g4 g5 24. Qh2 Re8 25. Qh5 Qc7 26. Nb1 Nb4 27. Nxg5 hxg5 28. Qxg5 c4
29. bxc4 dxc4 30. Be4 Bxe4 31. Rxe4 Rad8 0-1

[Event "IV Weekend Scacchi tra le Torri A"]
[Site "Melegnano ITA"]
[Date "2005.02.26"]
[Round "3"]
[White "Pelizzola, Danilo"]
[Black "Martino, Antonio M."]
[Result "1-0"]
[WhiteElo "2065"]
[BlackElo "2127"]
[PlyCount "73"]
[EventDate "2005.02.25"]

1. e4 c5 2. Nf3 e6 3. d4 cxd4 4. Nxd4 Nf6 5. Bd3 a6 6. O-O d6 7. c4 Be7 8. Nc3
Qc7 9. Be3 O-O 10. Rc1 Nbd7 11. f4 Re8 12. Kh1 b6 13. b4 Bb7 14. Qb3 Bf8 15.
Nf3 Rac8 16. Qb1 g6 17. Ng5 Qb8 18. Bd2 Qa8 19. h3 d5 20. cxd5 exd5 21. e5 d4
22. Nce4 Nxe4 23. Nxe4 Rxc1 24. Rxc1 f5 25. Qb3+ Kg7 26. Ng5 Bd5 27. Bc4 Bxg2+
28. Kh2 Nxe5 29. fxe5 Be4 30. Bg8 Re7 31. Bxh7 Bd5 32. Qd3 Kh8 33. Bxg6 Bg7 34.
Bf4 Rxe5 35. Bxf5 Re8 36. Be6 Be4 37. Nxe4 1-0

[Event "IV Weekend Scacchi tra le Torri A"]
[Site "Melegnano ITA"]
[Date "2005.02.26"]
[Round "3"]
[White "Salami, Marco"]
[Black "Pace, Pietro Dario"]
[Result "1-0"]
[WhiteElo "2164"]
[BlackElo "2168"]
[PlyCount "69"]
[EventDate "2005.02.25"]

1. e4 e5 2. f4 exf4 3. Nf3 d6 4. d4 g5 5. h4 g4 6. Ng1 f5 7. Bxf4 fxe4 8. Nc3
Nf6 9. Qd2 Be7 10. Bg5 d5 11. O-O-O a6 12. Bxf6 Bxf6 13. Qh6 c6 14. Qh5+ Ke7
15. Nge2 Be6 16. Ng3 Qe8 17. Qh6 Nd7 18. Be2 Qg6 19. Qf4 Rhf8 20. Qc7 Rab8 21.
Kb1 h5 22. Na4 Rfc8 23. Qf4 b5 24. Nc5 Be5 25. dxe5 Nxc5 26. Rhf1 Nd7 27. Qe3
c5 28. Qf4 Rf8 29. Qe3 Rbc8 30. Rxf8 Rxf8 31. Qa3 Qh6 32. Qxa6 Qf4 33. Qd6+ Ke8
34. Qxe6+ Kd8 35. Bxb5 1-0

[Event "IV Weekend Scacchi tra le Torri A"]
[Site "Melegnano ITA"]
[Date "2005.02.26"]
[Round "3"]
[White "Salvador, Roland"]
[Black "Rosin, Federico"]
[Result "1-0"]
[WhiteElo "2340"]
[BlackElo "2133"]
[PlyCount "89"]
[EventDate "2005.02.25"]

1. c4 e6 2. Nc3 d5 3. d4 c5 4. dxc5 d4 5. Ne4 Bxc5 6. Nxc5 Qa5+ 7. Bd2 Qxc5 8.
b4 Qc7 9. Nf3 e5 10. e3 dxe3 11. Bxe3 Nf6 12. Bg5 Bf5 13. Bxf6 gxf6 14. Nh4 Bg6
15. Bd3 Nc6 16. b5 Qa5+ 17. Kf1 Nd4 18. Nxg6 hxg6 19. Be4 O-O-O 20. g3 f5 21.
Bg2 e4 22. Qc1 Rd7 23. h4 Qb4 24. h5 gxh5 25. Rb1 Qc5 26. b6 axb6 27. Rh4 Kc7
28. Bh3 Kb8 29. Kg2 Qc6 30. Qe3 Nc2 31. Qc3 e3+ 32. Kg1 exf2+ 33. Kh2 Rg8 34.
Qxc2 Qf3 35. Qb3 Rxg3 36. Qxf3 Rxf3 37. Bf1 Re7 38. Rb3 Ree3 39. Rxe3 Rxe3 40.
Rf4 Re5 41. Rxf2 Kc7 42. Rd2 Kc6 43. Bg2+ Kc5 44. Rd5+ Rxd5 45. cxd5 1-0

[Event "IV Weekend Scacchi tra le Torri A"]
[Site "Melegnano ITA"]
[Date "2005.02.26"]
[Round "3"]
[White "Sbarra, Marco"]
[Black "Perissinotto, Claudio"]
[Result "1-0"]
[WhiteElo "2204"]
[BlackElo "2100"]
[PlyCount "47"]
[EventDate "2005.02.25"]

1. d4 d5 2. c4 e6 3. Nc3 Be7 4. Nf3 Nf6 5. e3 O-O 6. a3 Nbd7 7. Qc2 c6 8. Bd3
Bd6 9. O-O dxc4 10. Bxc4 e5 11. h3 exd4 12. Nxd4 Re8 13. f4 Nc5 14. b4 Ne6 15.
Nf5 Bf8 16. Bb2 a5 17. Rad1 Qc7 18. Na2 Nd5 19. Rf3 axb4 20. Nxb4 Nxb4 21. axb4
Qb6 22. Nh6+ gxh6 23. Rg3+ Bg7 24. Qc3 1-0

[Event "IV Weekend Scacchi tra le Torri A"]
[Site "Melegnano ITA"]
[Date "2005.02.26"]
[Round "3"]
[White "Stroppa, Daniel"]
[Black "Mastroddi, Emiliano"]
[Result "1-0"]
[WhiteElo "2225"]
[BlackElo "2026"]
[PlyCount "165"]
[EventDate "2005.02.25"]

1. d4 Nf6 2. Nf3 d5 3. e3 Bg4 4. c4 c6 5. cxd5 cxd5 6. Qb3 Qc7 7. Nc3 e6 8. Bd2
a6 9. Ne5 Nc6 10. Nxg4 Nxg4 11. Be2 Nf6 12. O-O Bd6 13. h3 O-O 14. Rfd1 b5 15.
Rac1 Qb7 16. Qc2 Rac8 17. Qb1 Rfd8 18. Be1 Ne7 19. Bf3 h6 20. Ne2 Rxc1 21. Nxc1
Rc8 22. Nb3 Nd7 23. Be2 Qa8 24. Bd3 Qb7 25. Bh7+ Kh8 26. Bd3 Kg8 27. Rc1 Rxc1
28. Nxc1 Qc6 29. f3 Qc7 30. Ne2 Nc6 31. Qd1 g6 32. a4 Qb7 33. axb5 axb5 34. Qb3
b4 35. Qc2 Kg7 36. Nc1 Na5 37. b3 Nc6 38. Na2 Ndb8 39. Qe2 Na5 40. Nc1 Nac6 41.
Qc2 Nd7 42. Be2 Qb6 43. Nd3 Kg8 44. Qa2 Qa5 45. Qc2 Qb6 46. Nb2 Kh7 47. Na4 Qb7
48. Bd3 Kg7 49. Bd2 e5 50. dxe5 Ndxe5 51. Qb2 d4 52. Be4 dxe3 53. Bxe3 Kg8 54.
Bxh6 Qa7+ 55. Kh1 f5 56. Bxc6 Nd3 57. Qc2 Nf2+ 58. Kg1 Nxh3+ 59. Kf1 Qg1+ 60.
Ke2 Qxg2+ 61. Kd3 Qf1+ 62. Kd4 Qa1+ 63. Kc4 Qf1+ 64. Qd3 Qxd3+ 65. Kxd3 Kf7 66.
Bd2 Nf4+ 67. Kc4 g5 68. Nc5 g4 69. fxg4 fxg4 70. Ne4 Bc7 71. Bxb4 Ke6 72. Ng3
Ng6 73. Bd5+ Ke5 74. Bd2 Nf4 75. Bc3+ Kd6 76. Nf5+ Kd7 77. Be4 Ne2 78. Be1 g3
79. Ne3 Bf4 80. Ng2 Bb8 81. b4 Nf4 82. Bxg3 Nxg2 83. Bxb8 1-0

[Event "IV Weekend Scacchi tra le Torri A"]
[Site "Melegnano ITA"]
[Date "2005.02.27"]
[Round "4"]
[White "Farachi, Francesco"]
[Black "De Santis, Alessio"]
[Result "0-1"]
[WhiteElo "2104"]
[BlackElo "2293"]
[PlyCount "87"]
[EventDate "2005.02.25"]

1. e4 d6 2. d4 Nf6 3. Nc3 c6 4. f4 Qa5 5. Bd3 e5 6. Nf3 Bg4 7. dxe5 dxe5 8.
fxe5 Nfd7 9. e6 fxe6 10. h3 Bh5 11. g4 Bg6 12. Be3 Bb4 13. O-O O-O 14. Ne2 Ne5
15. Nxe5 Qxe5 16. Rxf8+ Bxf8 17. Bd4 Qc7 18. Qd2 c5 19. Qc3 Nd7 20. Bf2 Bd6 21.
Kg2 Rc8 22. Ng3 c4 23. Be2 Ne5 24. Rd1 b5 25. Qd2 Nf7 26. Bf3 Rd8 27. Qe3 a6
28. Ne2 Ne5 29. Nd4 Bf7 30. Be2 Ng6 31. c3 Nf4+ 32. Kh1 g5 33. Nf3 h6 34. e5
Be7 35. Rxd8+ Qxd8 36. Nd4 Bc5 37. Kh2 Bxd4 38. cxd4 Nxe2 39. Qxe2 Qd5 40. Bg1
Bg6 41. Kg3 b4 42. Qd2 a5 43. h4 Qh1 44. hxg5 0-1

[Event "IV Weekend Scacchi tra le Torri A"]
[Site "Melegnano ITA"]
[Date "2005.02.27"]
[Round "4"]
[White "Jara, Erik"]
[Black "Nieus, Thierry"]
[Result "1-0"]
[WhiteElo "2136"]
[BlackElo "2209"]
[PlyCount "67"]
[EventDate "2005.02.25"]

1. c4 e6 2. Nf3 d5 3. e3 c5 4. d4 Nf6 5. Nc3 Nc6 6. Bd3 a6 7. O-O dxc4 8. Bxc4
cxd4 9. exd4 Be7 10. Bb3 Nb4 11. Bg5 O-O 12. Re1 Bd7 13. a3 Nc6 14. Qd3 b5 15.
Bc2 g6 16. Ne5 Ne8 17. h4 b4 18. Ne4 bxa3 19. bxa3 f6 20. Nxc6 Bxc6 21. Bh6 Rf7
22. Nc3 Nc7 23. Bb3 Bd5 24. Nxd5 exd5 25. Bd2 a5 26. a4 Bf8 27. Rac1 Rd7 28.
Qf3 Ra7 29. h5 Kg7 30. h6+ Kh8 31. Rc6 Rd6 32. Rec1 Qd7 33. Rxd6 Qxd6 34. Bf4
1-0

[Event "IV Weekend Scacchi tra le Torri A"]
[Site "Melegnano ITA"]
[Date "2005.02.27"]
[Round "4"]
[White "Luciani, Valerio"]
[Black "Salvador, Roland"]
[Result "0-1"]
[WhiteElo "2192"]
[BlackElo "2340"]
[PlyCount "42"]
[EventDate "2005.02.25"]

1. d4 d5 2. c4 e5 3. dxe5 d4 4. Nf3 Nc6 5. g3 Nge7 6. b3 Ng6 7. Bb2 Ngxe5 8.
Nxe5 Bb4+ 9. Nd2 Nxe5 10. Bg2 Bg4 11. f3 Qg5 12. O-O Bxd2 13. f4 Be3+ 14. Kh1
Qh5 15. fxe5 Bxe2 16. Qe1 Bxf1 17. Bxb7 Be2 18. Bc6+ Kd8 19. Kg2 Rb8 20. Qa5
Rb6 21. Bd5 Qf5 0-1

[Event "IV Weekend Scacchi tra le Torri A"]
[Site "Melegnano ITA"]
[Date "2005.02.27"]
[Round "4"]
[White "Pace, Pietro Dario"]
[Black "Cardini, Saverio"]
[Result "1-0"]
[WhiteElo "2168"]
[BlackElo "2003"]
[PlyCount "123"]
[EventDate "2005.02.25"]

1. e4 e5 2. Nf3 Nc6 3. Bb5 a6 4. Ba4 Nf6 5. O-O b5 6. Bb3 Bc5 7. d3 d6 8. a3 h6
9. h3 O-O 10. Nc3 Nd4 11. Nxd4 Bxd4 12. Ne2 Bb6 13. Ng3 Be6 14. c4 Qd7 15. Qf3
Nh7 16. Nf5 Bxf5 17. exf5 Qe7 18. Be3 Bxe3 19. fxe3 Rab8 20. Rf2 b4 21. axb4
Rxb4 22. Bd1 e4 23. Qxe4 Qxe4 24. dxe4 Rxc4 25. Rxa6 Rxe4 26. Rc6 Re7 27. Bg4
Nf6 28. Bf3 Rb8 29. Re2 Rb3 30. Kf2 Kf8 31. g4 Ke8 32. Ra6 Ne4+ 33. Kg2 Re5 34.
Ra8+ Ke7 35. Rc8 c5 36. Rc7+ Kf6 37. Rc6 Rd3 38. Bxe4 Rxe4 39. Kf3 Re7 40. Kf4
g5+ 41. fxg6 fxg6 42. Rc8 g5+ 43. Kf3 Ke5 44. Rf8 d5 45. Rf5+ Ke6 46. Kf2 c4
47. e4 d4 48. Rc2 Rc7 49. h4 Rh3 50. Kg2 Rxh4 51. Kg3 Rh1 52. Rd2 d3 53. Rb5
Rc1 54. Kf3 Rf7+ 55. Ke3 Rf4 56. Kd4 Rc2 57. Rd1 Rff2 58. Rb6+ Kd7 59. Rxh6 Rg2
60. Ra1 Rxb2 61. Ra7+ Kc8 62. Rh8# 1-0

[Event "IV Weekend Scacchi tra le Torri A"]
[Site "Melegnano ITA"]
[Date "2005.02.27"]
[Round "4"]
[White "Panizzi, Giuseppe"]
[Black "Dragojlovic, Andjelko"]
[Result "0-1"]
[WhiteElo "2091"]
[BlackElo "2276"]
[PlyCount "106"]
[EventDate "2005.02.25"]

1. c4 Nf6 2. Nc3 d5 3. cxd5 Nxd5 4. g3 g6 5. Bg2 Nxc3 6. bxc3 Bg7 7. Rb1 Nc6 8.
Nf3 O-O 9. O-O b6 10. c4 Bf5 11. d3 Qd7 12. Re1 Rad8 13. Bb2 e5 14. Qa4 Nd4 15.
Qxd7 Bxd7 16. Rbc1 c5 17. Nd2 Bg4 18. Kf1 Bd7 19. Nb1 Bh6 20. e3 Nc6 21. h3 Bg7
22. Nc3 f5 23. Nd5 h5 24. f4 Kh7 25. h4 Rc8 26. Bc3 Rfe8 27. Rb1 Be6 28. a4 e4
29. Bxg7 Kxg7 30. dxe4 fxe4 31. Bxe4 Bh3+ 32. Bg2 Bxg2+ 33. Kxg2 Na5 34. e4
Nxc4 35. e5 Rcd8 36. Nc3 Rd2+ 37. Re2 Rd3 38. Rc1 Ne3+ 39. Kh3 Red8 40. Nb5 Nf5
41. Rg1 Nd4 42. Nxd4 R8xd4 43. e6 Rd2 44. Rgg2 Rxe2 45. Rxe2 Kf8 46. a5 Ke7 47.
axb6 axb6 48. Re5 c4 49. Rb5 Rd6 50. f5 gxf5 51. Rxf5 Kxe6 52. Rxh5 c3 53. Rh8
Rc6 0-1

[Event "IV Weekend Scacchi tra le Torri A"]
[Site "Melegnano ITA"]
[Date "2005.02.27"]
[Round "4"]
[White "Pelizzola, Danilo"]
[Black "Giretti Kanev, Jasen"]
[Result "1-0"]
[WhiteElo "2065"]
[BlackElo "2173"]
[PlyCount "121"]
[EventDate "2005.02.25"]

1. e4 e6 2. d4 d5 3. exd5 Qxd5 4. Nf3 Nf6 5. Bd3 b6 6. Bf4 Qd8 7. O-O Bb7 8.
Nbd2 Nbd7 9. c4 Bd6 10. Ne5 Bxe5 11. dxe5 Nxe5 12. Bxh7 Qd4 13. Bxe5 Qxe5 14.
Re1 Qd6 15. c5 bxc5 16. Ne4 Qxd1 17. Raxd1 Rxh7 18. Nxc5 Bd5 19. Rc1 c6 20. Na6
Kd7 21. a3 Rah8 22. h3 g5 23. f3 Rh4 24. Rc5 Kd6 25. Ra5 Rd4 26. b4 Rd2 27. Nc5
Nh5 28. Rxa7 Rd8 29. Rxf7 Bxf3 30. Rxe6+ Kd5 31. Rf5+ Kc4 32. Rxf3 Nf4 33. Re4+
Kb5 34. a4+ Kb6 35. Rfxf4 gxf4 36. Re7 Rb8 37. Nd7+ Rxd7 38. Rxd7 Ra8 39. Rd4
Rxa4 40. Rxf4 Kb5 41. h4 c5 42. h5 cxb4 43. h6 b3 44. h7 Ra8 45. Rf7 Kc4 46.
Rb7 Rh8 47. g4 b2 48. Kg2 Kd5 49. Rxb2 Rxh7 50. Re2 Rh6 51. Kg3 Rh7 52. g5 Kd6
53. Kg4 Rh1 54. g6 Kd7 55. Kg5 Rg1+ 56. Kf6 Rf1+ 57. Kg7 Kd6 58. Kg8 Rf6 59. g7
Rf1 60. Rh2 Ke7 61. Kh8 1-0

[Event "IV Weekend Scacchi tra le Torri A"]
[Site "Melegnano ITA"]
[Date "2005.02.27"]
[Round "4"]
[White "Ranola, Yves"]
[Black "Mrdja, Milan"]
[Result "1-0"]
[WhiteElo "2455"]
[BlackElo "2395"]
[PlyCount "79"]
[EventDate "2005.02.25"]

1. c4 g6 2. g3 Bg7 3. Bg2 Nf6 4. Nc3 O-O 5. d3 c5 6. Bg5 h6 7. Bxf6 Bxf6 8. Qd2
Bg7 9. h4 d6 10. h5 g5 11. f4 g4 12. e4 Nc6 13. Nge2 Rb8 14. a3 a6 15. Rb1 f5
16. b4 e5 17. b5 axb5 18. cxb5 Nd4 19. Nxd4 cxd4 20. Nd5 Be6 21. exf5 Rxf5 22.
Be4 Rf8 23. O-O exf4 24. Nxf4 Qg5 25. Qg2 Bf5 26. Bxb7 Be5 27. Rbc1 Bxd3 28.
Be4 Rxf4 29. gxf4 Bxf4 30. Qa2+ Kh8 31. Bxd3 Bxc1 32. Qe6 Bxa3 33. Rf2 g3 34.
Rf3 d5 35. Kg2 Rg8 36. Rf7 Qd2+ 37. Be2 Bf8 38. Rf3 Qg5 39. b6 Qxh5 40. Qxg8+
1-0

[Event "IV Weekend Scacchi tra le Torri A"]
[Site "Melegnano ITA"]
[Date "2005.02.27"]
[Round "4"]
[White "Rosin, Federico"]
[Black "Mastroddi, Emiliano"]
[Result "0-1"]
[WhiteElo "2133"]
[BlackElo "2026"]
[PlyCount "98"]
[EventDate "2005.02.25"]

1. e4 c5 2. Nf3 d6 3. d4 cxd4 4. Nxd4 Nf6 5. Nc3 g6 6. g3 Bd7 7. Bg2 Nc6 8.
Nde2 Bg7 9. O-O O-O 10. Nd5 Nxd5 11. exd5 Ne5 12. c3 Qc8 13. Nd4 Bh3 14. f4
Bxg2 15. Kxg2 Nc4 16. b3 Nb6 17. c4 Re8 18. Bb2 Qc5 19. Qd2 e5 20. dxe6 fxe6
21. Rae1 e5 22. Nf3 Rad8 23. Qc3 Re7 24. fxe5 dxe5 25. Re4 Rde8 26. Rfe1 Nd7
27. b4 Qc7 28. c5 a5 29. a3 axb4 30. axb4 Kh8 31. Qc4 h6 32. R1e2 Kh7 33. h3
Qc6 34. Kh2 Rf8 35. Nd4 Qf6 36. Qc2 Ref7 37. Nb5 Qf2+ 38. Rxf2 Rxf2+ 39. Qxf2
Rxf2+ 40. Kg1 Rxb2 41. Nd6 b5 42. Nxb5 Nxc5 43. bxc5 Rxb5 44. Rc4 Rb7 45. Kg2
Rc7 46. c6 Kg8 47. Kf3 Kf7 48. Ke4 Ke6 49. g4 Kd6 0-1

[Event "IV Weekend Scacchi tra le Torri A"]
[Site "Melegnano ITA"]
[Date "2005.02.27"]
[Round "4"]
[White "Salami, Marco"]
[Black "Stroppa, Daniel"]
[Result "1/2-1/2"]
[WhiteElo "2164"]
[BlackElo "2225"]
[PlyCount "46"]
[EventDate "2005.02.25"]

1. e4 g6 2. d4 Bg7 3. Nc3 d6 4. Be3 a6 5. Qd2 b5 6. h4 Bb7 7. f3 h5 8. O-O-O
Nd7 9. Nh3 Nb6 10. Ng5 e6 11. Bd3 Ne7 12. g4 Qd7 13. gxh5 Rxh5 14. Ne2 Rh8 15.
h5 Rxh5 16. Rxh5 gxh5 17. Ng3 Nc6 18. Nxh5 Bh8 19. Nh7 O-O-O 20. N7f6 Qe7 21.
Bg5 Qf8 22. Bh6 Qe7 23. Bg5 Qf8 1/2-1/2

[Event "IV Weekend Scacchi tra le Torri A"]
[Site "Melegnano ITA"]
[Date "2005.02.27"]
[Round "4"]
[White "Virzi, Ettore"]
[Black "Vincenzi, Marco"]
[Result "1/2-1/2"]
[WhiteElo "1853"]
[BlackElo "2027"]
[PlyCount "95"]
[EventDate "2005.02.25"]

1. e4 c5 2. Nf3 d6 3. d4 cxd4 4. Nxd4 Nf6 5. Nc3 g6 6. Be3 Bg7 7. f3 O-O 8. Qd2
Nc6 9. O-O-O d5 10. exd5 Nxd5 11. Nxc6 bxc6 12. Bd4 e5 13. Bc5 Be6 14. Ne4 Rb8
15. Bc4 Re8 16. g4 h6 17. h4 Nf4 18. Qxd8 Rbxd8 19. Bxe6 Nxe6 20. Bxa7 Nd4 21.
Bxd4 exd4 22. Rhe1 Rb8 23. Nc5 Re3 24. Rxe3 dxe3 25. c3 Re8 26. f4 g5 27. hxg5
hxg5 28. f5 Be5 29. Re1 Rd8 30. Re2 Kg7 31. Kc2 Bf4 32. a4 Kf6 33. Nd3 Ke7 34.
b4 Kd6 35. c4 Kc7 36. Kc3 Rh8 37. Ne1 Rh3 38. Ng2 Rg3 39. Kd3 Rxg4 40. Nxe3 Rg3
41. Ke4 f6 42. b5 Be5 43. c5 Rh3 44. b6+ Kb7 45. Nc4 Rh4+ 46. Kd3 Rd4+ 47. Kc3
Re4+ 48. Kd3 1/2-1/2

[Event "IV Weekend Scacchi tra le Torri A"]
[Site "Melegnano ITA"]
[Date "2005.02.27"]
[Round "4"]
[White "Zacco, Remo"]
[Black "Sbarra, Marco"]
[Result "0-1"]
[WhiteElo "2016"]
[BlackElo "2204"]
[PlyCount "56"]
[EventDate "2005.02.25"]

1. e4 e5 2. Nf3 Nc6 3. Bc4 Nf6 4. Ng5 d5 5. exd5 Na5 6. d3 h6 7. Nf3 e4 8. dxe4
Nxc4 9. Qd4 Nd6 10. Nc3 Nfxe4 11. Nxe4 Qe7 12. Nfd2 f5 13. f3 fxe4 14. fxe4
Qh4+ 15. g3 Qh3 16. Qe5+ Kd8 17. Nf3 Qg2 18. Rf1 Qxc2 19. Nd2 Bg4 20. Qf4 h5
21. b3 Nb5 22. Kf2 Be7 23. Kg2 Kd7 24. Qe3 Raf8 25. Rxf8 Rxf8 26. e5 Bf3+ 27.
Kf1 Qd1+ 28. Kf2 Bxd5+ 0-1

[Event "IV Weekend Scacchi tra le Torri A"]
[Site "Melegnano ITA"]
[Date "2005.02.27"]
[Round "5"]
[White "Castrogiovanni, Carlo"]
[Black "Zacco, Remo"]
[Result "1-0"]
[WhiteElo "2102"]
[BlackElo "2016"]
[PlyCount "107"]
[EventDate "2005.02.25"]

1. Nf3 e6 2. c4 f5 3. g3 Nf6 4. Bg2 Be7 5. Nc3 O-O 6. O-O d6 7. d3 c6 8. e4 e5
9. Qe2 Qe8 10. d4 fxe4 11. Nxe4 Nxe4 12. Qxe4 Bf5 13. Qe3 e4 14. Ng5 Bxg5 15.
Qxg5 Qe6 16. b3 Nd7 17. Ba3 Rf6 18. Rac1 Re8 19. Qd2 Bh3 20. f4 Bxg2 21. Qxg2
Nb6 22. Rfe1 d5 23. Qe2 Qf5 24. Rc3 Rfe6 25. Re3 Qf7 26. Rc1 Rg6 27. Kh1 Rge6
28. Kg2 Rh6 29. Bc5 Nc8 30. Kg1 Qf6 31. cxd5 cxd5 32. Qb5 Qf7 33. Ba3 Rb6 34.
Qe2 Qd7 35. Rec3 a6 36. Rc7 Qe6 37. Bc5 Rb5 38. Qc2 e3 39. Qd3 e2 40. Re1 b6
41. a4 Ra5 42. Bb4 Nd6 43. Bxa5 bxa5 44. Rc2 Ne4 45. Qxe2 Qb6 46. Qd3 h5 47.
Rec1 Qg6 48. Rc8 h4 49. Qf3 Rxc8 50. Rxc8+ Kh7 51. f5 Qg5 52. Qf4 hxg3 53. Qxg5
Nxg5 54. Kg2 1-0

[Event "IV Weekend Scacchi tra le Torri A"]
[Site "Melegnano ITA"]
[Date "2005.02.27"]
[Round "5"]
[White "De Santis, Alessio"]
[Black "Salami, Marco"]
[Result "1/2-1/2"]
[WhiteElo "2293"]
[BlackElo "2164"]
[PlyCount "65"]
[EventDate "2005.02.25"]

1. d4 f5 2. g3 Nf6 3. Bg2 g6 4. Nh3 Bg7 5. c3 Nc6 6. Nd2 d6 7. Qb3 e5 8. dxe5
Nxe5 9. Nf4 Qe7 10. O-O c6 11. Nf3 Ne4 12. Nd4 Nc5 13. Qc2 a5 14. a4 O-O 15. b4
axb4 16. cxb4 Ne6 17. Nfxe6 Bxe6 18. Nxe6 Qxe6 19. Bb2 d5 20. e3 Nc4 21. Bxg7
Kxg7 22. b5 Qf6 23. Ra2 Rf7 24. Rc1 Re7 25. Bf1 Ne5 26. bxc6 Nxc6 27. Qb1 d4
28. exd4 Nxd4 29. Rb2 Rxa4 30. Rxb7 Ra7 31. Rxa7 Rxa7 32. Qb8 Re7 33. Rc7
1/2-1/2

[Event "IV Weekend Scacchi tra le Torri A"]
[Site "Melegnano ITA"]
[Date "2005.02.27"]
[Round "5"]
[White "Dragojlovic, Andjelko"]
[Black "Jara, Erik"]
[Result "1-0"]
[WhiteElo "2276"]
[BlackElo "2136"]
[PlyCount "120"]
[EventDate "2005.02.25"]

1. e4 e6 2. d4 d5 3. Nc3 Bb4 4. e5 c5 5. a3 Ba5 6. b4 cxd4 7. Nb5 Bc7 8. f4 Ne7
9. Nf3 O-O 10. Bd3 f6 11. O-O Nbc6 12. Nxc7 Qxc7 13. b5 Na5 14. Bb2 Nc4 15.
Bxd4 fxe5 16. Nxe5 Nf5 17. Bxf5 Rxf5 18. a4 Bd7 19. c3 Raf8 20. Nxc4 Qxc4 21.
g3 a6 22. b6 a5 23. Re1 h6 24. h4 Qc8 25. Re5 Qc4 26. Kh2 Rxe5 27. Bxe5 Qe4 28.
Ra2 Qc4 29. Rd2 Rf7 30. Rd4 Qa2+ 31. Qd2 Qb1 32. Bc7 Bc6 33. Qe2 Qc1 34. Qd2
Qb1 35. h5 Qf1 36. Qe3 Qa1 37. g4 Qf1 38. Kg3 Qh1 39. Be5 Qb1 40. Rd2 Bxa4 41.
Bd4 Qc1 42. Ra2 Qd1 43. Qxe6 Bd7 44. Qe2 Qxe2 45. Rxe2 Bb5 46. Re5 Rd7 47. Re8+
Kf7 48. Ra8 a4 49. Bc5 d4 50. Bxd4 Ke6 51. Ra5 Bc6 52. f5+ Kf7 53. Ra8 Bb5 54.
Bc5 Rd3+ 55. Kf4 Be8 56. Rb8 Rxc3 57. Rxb7+ Kg8 58. Rxg7+ Kxg7 59. Bd4+ Kg8 60.
Bxc3 Bc6 1-0

[Event "IV Weekend Scacchi tra le Torri A"]
[Site "Melegnano ITA"]
[Date "2005.02.27"]
[Round "5"]
[White "Ficco, Corrado"]
[Black "D'Alfonso, Nicola"]
[Result "0-1"]
[WhiteElo "2145"]
[BlackElo "2056"]
[PlyCount "73"]
[EventDate "2005.02.25"]

1. c4 f5 2. Nf3 Nf6 3. g3 g6 4. Bg2 Bg7 5. Nc3 d6 6. d4 O-O 7. O-O Qe8 8. d5 c6
9. Nd4 Bd7 10. Bf4 Na6 11. Qd2 Nc7 12. Rad1 c5 13. Nf3 b5 14. cxb5 Nxb5 15. Ng5
Nxc3 16. bxc3 h6 17. Ne6 Bxe6 18. dxe6 g5 19. Be3 Ne4 20. Bxe4 fxe4 21. Qd5 Qg6
22. c4 Rab8 23. Rb1 a5 24. Rb5 a4 25. Rfb1 Ra8 26. Rb7 Bf6 27. Kg2 a3 28. R1b3
Rfe8 29. Bc1 Bd4 30. Be3 Bf6 31. h3 Rf8 32. g4 Rfe8 33. Bc1 Bd4 34. Be3 Bf6 35.
Rd7 Bb2 36. Rbb7 Bf6 37. Ra7 0-1

[Event "IV Weekend Scacchi tra le Torri A"]
[Site "Melegnano ITA"]
[Date "2005.02.27"]
[Round "5"]
[White "Mastroddi, Emiliano"]
[Black "Nieus, Thierry"]
[Result "1/2-1/2"]
[WhiteElo "2026"]
[BlackElo "2209"]
[PlyCount "26"]
[EventDate "2005.02.25"]

1. e4 d5 2. exd5 Qxd5 3. Nc3 Qd6 4. Nf3 Nf6 5. d4 a6 6. a4 Nc6 7. Bc4 Bg4 8.
Be3 e6 9. Be2 O-O-O 10. Ng5 Bxe2 11. Qxe2 Qd7 12. O-O h6 13. Nf3 Bd6 1/2-1/2

[Event "IV Weekend Scacchi tra le Torri A"]
[Site "Melegnano ITA"]
[Date "2005.02.27"]
[Round "5"]
[White "Mrdja, Milan"]
[Black "Luciani, Valerio"]
[Result "1-0"]
[WhiteElo "2395"]
[BlackElo "2192"]
[PlyCount "65"]
[EventDate "2005.02.25"]

1. e4 e6 2. d4 d5 3. Nc3 Bb4 4. a3 Bxc3+ 5. bxc3 dxe4 6. Qg4 Nf6 7. Qxg7 Rg8 8.
Qh6 Nbd7 9. a4 c5 10. a5 Qc7 11. Qd2 b6 12. axb6 Nxb6 13. dxc5 Qxc5 14. Qd4
Qxd4 15. cxd4 Bd7 16. c4 Kf8 17. h4 Kg7 18. Rh3 Rgc8 19. Rg3+ Kf8 20. Ba3+ Ke8
21. Rc1 Bc6 22. Rg7 Rd8 23. Ne2 Nc8 24. g4 h5 25. gxh5 Nxh5 26. Rg5 Nf6 27. d5
Bd7 28. Ng3 Ne7 29. Bb2 Neg8 30. Bg2 Rab8 31. Be5 exd5 32. Bxb8 Rxb8 33. cxd5
1-0

[Event "IV Weekend Scacchi tra le Torri A"]
[Site "Melegnano ITA"]
[Date "2005.02.27"]
[Round "5"]
[White "Salvador, Roland"]
[Black "Ranola, Yves"]
[Result "1/2-1/2"]
[WhiteElo "2340"]
[BlackElo "2455"]
[PlyCount "36"]
[EventDate "2005.02.25"]

1. e4 e5 2. Nf3 Nc6 3. Bb5 Nf6 4. O-O Nxe4 5. d4 Nd6 6. Bxc6 dxc6 7. dxe5 Nf5
8. Qxd8+ Kxd8 9. Nc3 Ne7 10. h3 Bf5 11. g4 Bxc2 12. Nd4 Bg6 13. Rd1 Kc8 14. f4
c5 15. Nde2 f5 16. exf6 gxf6 17. f5 Bf7 18. Ne4 Nd5 1/2-1/2

[Event "IV Weekend Scacchi tra le Torri A"]
[Site "Melegnano ITA"]
[Date "2005.02.27"]
[Round "5"]
[White "Sbarra, Marco"]
[Black "Pace, Pietro Dario"]
[Result "1-0"]
[WhiteElo "2204"]
[BlackElo "2168"]
[PlyCount "63"]
[EventDate "2005.02.25"]

1. e4 e5 2. Nf3 Nc6 3. Bb5 a6 4. Bxc6 dxc6 5. O-O Qd6 6. Na3 Be6 7. Qe2 f6 8.
Rd1 g5 9. Nc4 Qd7 10. c3 g4 11. Nh4 c5 12. d4 cxd4 13. cxd4 exd4 14. Nf5 Qf7
15. Na5 O-O-O 16. Nxd4 Bd6 17. b4 Bd7 18. Rb1 Qh5 19. g3 Bb5 20. Nxb5 axb5 21.
Rd5 Qe8 22. Qxg4+ Kb8 23. Bf4 Ne7 24. Rdd1 h5 25. Qf3 Be5 26. Rxd8+ Qxd8 27.
Rd1 Qe8 28. Bxe5 fxe5 29. Qf6 Ng6 30. Qg7 b6 31. Rc1 Ne7 32. Qxe7 1-0